[Event "Corus 2010 - C"]
[Site "Wijk aan Zee"]
[Date "21.01.2010"]
[Round "5C"]
[White "Bok,B"]
[Black "Gupta,Ab"]
[Result "1/2-1/2"]
[WhiteElo "2322"]
[BlackElo "2577"]
[EventDate "2010.01.16"]

1. e4 c5 2. Nf3 d6 3. d4 cxd4 4. Nxd4 Nf6 5. Nc3 Nc6 6. Bg5 e6 7. Qd2 a6 8.
O-O-O Bd7 9. f3 b5 10. Nxc6 Bxc6 11. Kb1 Be7 12. h4 Rc8 13. Ne2 Bb7 14. Nd4
Nd7 15. Qe3 O-O 16. g4 Ne5 17. Bxe7 Qxe7 18. g5 Qc7 19. Bd3 d5 20. h5 dxe4
21. Bxe4 Nc4 22. Qe2 Bxe4 23. Qxe4 Rfd8 24. g6 Qe5 25. gxf7+ Kxf7 26. Qxe5
Nxe5 27. Rhe1 Rd5 28. c3 b4 29. f4 Ng4 30. Kc2 bxc3 31. bxc3 Rcd8 32. Rb1
R8d6 33. Rb7+ Kf6 34. Rg1 Ne3+ 35. Kc1 Rd7 36. Rxd7 Rxd7 37. Re1 Nd5 38.
Rxe6+ Kf7 39. Rxa6 Nxc3 40. Nf3 Ne2+ 41. Kb2 Rb7+ 42. Kc2 Nxf4 43. Ng5+ Ke7
44. h6 Rc7+ 45. Kb3 gxh6 46. Rxh6 Nd5 47. Rxh7+ Kf6 48. Rxc7 Nxc7 49. Nf3
Ke6 50. Kc4 Kd6 51. Nd4 Nd5 52. Nb5+ Kc6 53. Nd4+ Kd6 54. a3 Nb6+ 55. Kb5
Nd5 56. Ne2 Kc7 57. a4 Nb6 58. a5 Nc8 59. Nc3 Nd6+ 60. Kb4 Kb7 61. Kc5 Ka6
62. Kxd6 Kxa5 1/2-1/2

[Event "Corus 2010 - C"]
[Site "Wijk aan Zee"]
[Date "21.01.2010"]
[Round "5C"]
[White "Vocaturo,D"]
[Black "Grandelius,N"]
[Result "1-0"]
[WhiteElo "2495"]
[BlackElo "2515"]
[EventDate "2010.01.16"]

1. e4 e5 2. Nf3 Nc6 3. Bc4 Bc5 4. c3 Nf6 5. d3 a6 6. O-O Ba7 7. Re1 d6 8.
Bb3 O-O 9. h3 Ne7 10. Nbd2 Ng6 11. Nf1 Nh5 12. d4 Nhf4 13. Ng3 h6 14. Be3
Qf6 15. Kh2 Kh8 16. Qd2 Be6 17. Rad1 Kh7 18. Bc2 Nh4 19. Bxf4 Nxf3+ 20.
gxf3 Qxf4 21. Qxf4 exf4 22. Nh5 g5 23. e5+ Kh8 24. d5 Bd7 25. e6 fxe6 26.
dxe6 Be8 27. e7 Bxh5 28. exf8=Q+ Rxf8 29. Kg2 Kg7 30. Bb3 Re8 31. Be6 Kf6
32. Bg4 Bf7 33. Rxe8 Bxe8 34. Re1 Bf7 35. Bc8 Bd5 36. b3 Bb6 37. c4 Bc6 38.
Be6 Ba5 39. Re2 Bc3 40. Bd5 Be5 41. Re4 a5 42. a3 Bd7 43. Bxb7 Bb2 44. b4
a4 45. c5 Bxa3 46. cxd6 cxd6 47. Bd5 Bf5 48. Rc4 Ke5 49. Bg8 Bd7 50. Rc7
Bb5 51. Ra7 d5 52. Ra5 Bc4 53. Rxa4 Bb2 54. Ra8 Bc3 55. Rb8 Kd6 56. Rb6+
Kc7 57. Rxh6 Bxb4 58. Rh7+ Kd8 59. Rg7 Be7 60. Be6 Bb3 61. Rf7 Ke8 62. Rf5
Bc2 63. Rxd5 Kf8 64. Rd2 Bg6 65. Rd7 Bf6 66. Kf1 Be7 67. Ke2 Bh5 68. Bd5
Bg6 69. Be4 Bf7 70. Bd5 Bg6 71. Rb7 Bf5 72. Rb6 Kg7 73. Be6 Bg6 74. Rb5 Kf6
75. Bd7 Kg7 76. Bf5 Bh5 77. Be4 Bf7 78. Kd3 Kf6 79. Kd4 Be8 80. Rb6+ Kg7
81. Ke5 Bc5 82. Rb7+ Kh6 83. Rh7+ 1-0

[Event "Corus 2010 - C"]
[Site "Wijk aan Zee"]
[Date "21.01.2010"]
[Round "5C"]
[White "Plukkel,S"]
[Black "Lie,K"]
[Result "1/2-1/2"]
[WhiteElo "2279"]
[BlackElo "2547"]
[EventDate "2010.01.16"]

1. e4 c5 2. Nf3 a6 3. c3 d5 4. exd5 Nf6 5. d4 cxd4 6. Qxd4 Qxd5 7. Qxd5
Nxd5 8. Bc4 Nb6 9. Bb3 N8d7 10. Be3 e6 11. Nbd2 Nc5 12. Bxc5 Bxc5 13. Ne4
Be7 14. O-O-O O-O 15. Nd6 a5 16. a3 a4 17. Ba2 Rd8 18. Nxc8 Rdxc8 19. Ne5
Ra5 20. Rhe1 Rc7 21. f4 g6 22. Rd3 Kg7 23. Re4 Rb5 24. g4 h6 25. Nf3 Bf6
26. Kc2 Nd7 27. Rc4 Nc5 28. Rd1 Ra5 29. h4 b5 30. Rb4 Be7 31. Rbd4 Ra6 32.
g5 Raa7 33. Rb4 hxg5 34. hxg5 Ra5 35. Nd4 Nb3 36. Nxb5 Rc8 37. Nd6 Rd8 38.
Rb6 Nc5 39. Nc4 Rxd1 40. Kxd1 Ra8 41. Ne5 Rh8 42. Ke2 Rh2+ 43. Kf3 Rh3+ 44.
Kg2 Re3 45. Kf2 Rh3 46. Kg2 Re3 47. Kf2 Rh3 48. Bc4 Ne4+ 49. Ke2 Bc5 50.
Rb7 Nxg5 51. Kd1 Re3 52. Ng4 Re4 53. fxg5 Rxg4 54. Bxe6 Rf4 55. c4 Kf8 56.
Bd5 Be7 57. Ke2 Rd4 58. Ra7 Bxg5 59. Rxf7+ Ke8 60. Rb7 Bc1 61. Bc6+ Kf8 62.
Bxa4 Rd2+ 63. Ke1 Rxb2 64. Bb5 g5 65. c5 g4 66. c6 Bf4 67. a4 g3 68. Bf1
Rc2 69. Bg2 Ke8 70. Bd5 g2 71. Rg7 Rc1+ 72. Kf2 g1=Q+ 73. Rxg1 Be3+ 74.
Kxe3 Rxg1 75. Kd4 Ra1 76. Kc5 Rxa4 77. c7 Kd7 78. Bc6+ Kxc7 79. Bxa4
1/2-1/2

[Event "Corus 2010 - C"]
[Site "Wijk aan Zee"]
[Date "21.01.2010"]
[Round "5C"]
[White "Li Chao2"]
[Black "Van Kampen,R"]
[Result "1/2-1/2"]
[WhiteElo "2604"]
[BlackElo "2456"]
[EventDate "2010.01.16"]

1. e4 c5 2. Nf3 d6 3. d4 cxd4 4. Nxd4 Nf6 5. Nc3 a6 6. h3 e6 7. g4 d5 8.
exd5 Nxd5 9. Nde2 Bb4 10. Bg2 O-O 11. O-O Bxc3 12. Nxc3 Nxc3 13. bxc3 Qc7
14. Qd4 Nc6 15. Qc5 e5 16. a4 Be6 17. a5 f5 18. gxf5 Rxf5 19. Qb6 Qf7 20.
Rb1 Qg6 21. Qxb7 Rb8 22. Qxa6 Rxb1 23. Qxc6 Rf6 24. Ba3 Rxf1+ 25. Kxf1 h6
26. a6 Qxc2 27. Qa8+ Kf7 28. Qb7+ Kg8 29. Qa8+ Kf7 30. Qb7+ 1/2-1/2

[Event "Corus 2010 - C"]
[Site "Wijk aan Zee"]
[Date "22.01.2010"]
[Round "6C"]
[White "Soumya,Sw"]
[Black "Van Kampen,R"]
[Result "0-1"]
[WhiteElo "2323"]
[BlackElo "2456"]
[EventDate "2010.01.16"]

1. e4 c5 2. Nf3 d6 3. d4 cxd4 4. Nxd4 Nf6 5. Nc3 a6 6. Be3 e5 7. Nb3 Be6 8.
Qd2 Nbd7 9. O-O-O b5 10. f4 Rc8 11. h3 Qc7 12. Kb1 h5 13. Bd3 Be7 14. f5
Bc4 15. Rhg1 h4 16. g4 hxg3 17. Rxg3 Rh7 18. Qf2 b4 19. Nd5 Nxd5 20. exd5
Bxd3 21. cxd3 Bh4 22. Rc1 Qb7 23. Rc4 Rxc4 24. dxc4 Nf6 0-1

[Event "Corus 2010 - C"]
[Site "Wijk aan Zee"]
[Date "22.01.2010"]
[Round "6C"]
[White "Lie,K"]
[Black "Li Chao2"]
[Result "0-1"]
[WhiteElo "2547"]
[BlackElo "2604"]
[EventDate "2010.01.16"]

1. e4 e5 2. Nf3 Nf6 3. d4 Nxe4 4. Bd3 d5 5. dxe5 Be7 6. O-O Nc5 7. Nc3 c6
8. Nd4 O-O 9. Be2 Ne4 10. Be3 Nxc3 11. bxc3 f6 12. f4 c5 13. Nb3 fxe5 14.
fxe5 Rxf1+ 15. Qxf1 Qc7 16. Qf2 Nd7 17. Bf3 Nxe5 18. Bxd5+ Kh8 19. Bf4 Bd7
20. Rf1 Re8 21. Nd2 b5 22. Qg3 Bd6 23. Ne4 Bf5 24. Nxd6 Qxd6 25. Re1 Qxd5
26. Bxe5 Re7 27. Bxg7+ Rxg7 28. Re8+ Rg8 29. Rxg8+ Qxg8 30. Qe5+ Qg7 31.
Qe8+ Qg8 32. Qe5+ Qg7 33. Qxf5 Qe7 34. Kf2 h6 35. Kf3 b4 36. cxb4 cxb4 37.
Qc8+ Kg7 38. Qg4+ Kh8 39. Qd4+ Kg8 40. Qd5+ Kg7 41. Qd4+ Kg8 42. Qc4+ Kh8
43. h4 Qf6+ 44. Qf4 Qc3+ 45. Kg4 Kg7 46. Qe4 a5 47. Qe7+ Kg8 48. Qd8+ Kg7
49. Qd7+ Kg8 50. Qf5 Qc4+ 51. Kh5 Qxa2 52. Kxh6 a4 53. g4 Qf7 54. Qg5+ Kf8
55. Qd8+ Qe8 56. Qf6+ Qf7 57. Qd8+ Qe8 58. Qd6+ Qe7 59. Qf4+ Kg8 60. Qc4+
Qf7 61. Qa6 a3 62. c4 b3 63. Qxa3 Qf8+ 0-1

[Event "Corus 2010 - C"]
[Site "Wijk aan Zee"]
[Date "22.01.2010"]
[Round "6C"]
[White "Grandelius,N"]
[Black "Plukkel,S"]
[Result "1-0"]
[WhiteElo "2515"]
[BlackElo "2279"]
[EventDate "2010.01.16"]

1. e4 e5 2. Nf3 Nf6 3. Nxe5 d6 4. Nf3 Nxe4 5. d4 d5 6. Bd3 Be7 7. O-O Nc6
8. c4 Nb4 9. cxd5 Nxd3 10. Qxd3 Qxd5 11. Re1 Bf5 12. g4 Bg6 13. Nc3 Nxc3
14. Qxc3 Rc8 15. Bf4 Kf8 16. Re2 h5 17. Rae1 hxg4 18. Rxe7 Qxf3 19. Qxc7
Qc6 20. Qxb7 Qxb7 21. Rxb7 a5 22. Rb5 a4 23. d5 Rh5 24. d6 Rxb5 25. d7 Bf5
26. Re8+ 1-0

[Event "Corus 2010 - C"]
[Site "Wijk aan Zee"]
[Date "22.01.2010"]
[Round "6C"]
[White "Gupta,Ab"]
[Black "Vocaturo,D"]
[Result "1-0"]
[WhiteElo "2577"]
[BlackElo "2495"]
[EventDate "2010.01.16"]

1. d4 Nf6 2. c4 c5 3. d5 d6 4. Nc3 g6 5. e4 Bg7 6. h3 e5 7. Bd3 a6 8. Nge2
Nbd7 9. Bg5 h6 10. Be3 Nh5 11. Qd2 Bf6 12. g4 Nf4 13. Nxf4 exf4 14. Bxf4
Qe7 15. Be3 Ne5 16. Be2 g5 17. O-O-O Bd7 18. Kb1 b5 19. Rdf1 bxc4 20. f4
gxf4 21. Bxf4 Bg7 22. Rh2 Rb8 23. Rhf2 Rb6 24. Ka1 Kd8 25. Bxe5 Bxe5 26.
Rxf7 Qh4 27. Bxc4 Qxh3 28. Be2 Re8 29. g5 hxg5 30. Nd1 Qa3 31. Qxg5+ Kc8
32. Qxe5 Qa4 33. Qc3 Qxe4 34. Bc4 Rb4 35. Bxa6+ Kc7 36. a3 Ra8 37. Rxd7+
1-0

[Event "Corus 2010 - C"]
[Site "Wijk aan Zee"]
[Date "22.01.2010"]
[Round "6C"]
[White "Robson,R"]
[Black "Bok,B"]
[Result "1-0"]
[WhiteElo "2570"]
[BlackElo "2322"]
[EventDate "2010.01.16"]

1. e4 e5 2. Nf3 Nc6 3. Bb5 a6 4. Ba4 Nf6 5. O-O b5 6. Bb3 Bc5 7. a4 Rb8 8.
c3 d6 9. d4 Bb6 10. axb5 axb5 11. Qd3 O-O 12. Bg5 exd4 13. cxd4 h6 14. Bh4
g5 15. Bg3 Nh5 16. Nc3 Nxg3 17. fxg3 Ne5 18. Qd2 Qf6 19. Rad1 c6 20. Nxe5
Qxe5 21. Kh1 Qg7 22. e5 dxe5 23. Ne4 Bxd4 24. Nf6+ Kh8 25. Bc2 g4 26. Nh7
f5 27. Nxf8 Qxf8 28. Be4 c5 29. Qc2 f4 30. gxf4 exf4 31. Rxd4 cxd4 32. Qc7
Bf5 33. Bxf5 Qxf5 34. Qxb8+ Kg7 35. Qxf4 1-0

[Event "Corus 2010 - C"]
[Site "Wijk aan Zee"]
[Date "22.01.2010"]
[Round "6C"]
[White "Swinkels,R"]
[Black "Peng Zhaoqin"]
[Result "1/2-1/2"]
[WhiteElo "2495"]
[BlackElo "2402"]
[EventDate "2010.01.16"]

1. c4 e5 2. g3 Nc6 3. Nc3 Bc5 4. Bg2 a6 5. e3 d6 6. Nge2 Nge7 7. O-O Ba7 8.
b3 O-O 9. f4 Be6 10. Bb2 Qd7 11. Nd5 f6 12. Nec3 Rab8 13. Kh1 Bg4 14. Qc2
Nxd5 15. Nxd5 Ne7 16. fxe5 fxe5 17. Rxf8+ Rxf8 18. Nxe7+ Qxe7 19. Bxb7 Rf2
20. Bg2 Bf5 21. Qd1 Qf6 22. Bc3 h6 23. Kg1 Bd3 24. Qg4 Bf5 25. Qd1 Bd3 26.
Qg4 Bf5 27. Qh5 g6 28. Qd1 Bd3 29. Qg4 Bf5 30. Qd1 Bd3 31. Bd5+ Kg7 32. Qe1
Rf5 33. Bg2 h5 34. h3 Qf8 35. g4 hxg4 36. hxg4 Rf7 37. Qh4 Bb6 38. g5 Rf5
39. Qh6+ Kf7 40. Bd5+ Ke7 41. Qxf8+ Kxf8 42. Kh2 Rxg5 43. Rg1 Rh5+ 1/2-1/2

[Event "Corus 2010 - C"]
[Site "Wijk aan Zee"]
[Date "22.01.2010"]
[Round "6C"]
[White "Muzychuk,M"]
[Black "Kuipers,S"]
[Result "0-1"]
[WhiteElo "2447"]
[BlackElo "2340"]
[EventDate "2010.01.16"]

1. e4 c5 2. Nc3 Nc6 3. Bb5 Nd4 4. Nf3 a6 5. Bd3 g6 6. Nxd4 cxd4 7. Ne2 Bg7
8. O-O d5 9. exd5 Qxd5 10. c3 Bd7 11. c4 Qd6 12. Be4 f5 13. Bxb7 Rb8 14.
Bf3 d3 15. Nc3 e5 16. Bd5 Nf6 17. f3 Nxd5 18. cxd5 O-O 19. b3 e4 20. Bb2
Be5 21. h3 Rbe8 22. Qc1 Rc8 23. Kh1 e3 24. f4 Bxc3 25. Bxc3 e2 26. Rf3 Rfe8
27. Qe1 Qxd5 28. Rc1 Bc6 29. Be5 Qd7 30. Re3 Be4 31. Rxc8 Rxc8 32. Qh4 Qd8
33. Qh6 Qe7 34. Kh2 Rc1 35. Rg3 Qxe5 36. Rxg6+ hxg6 37. fxe5 e1=Q 38. Qxg6+
Kf8 39. Qf6+ Ke8 40. Qe6+ Kd8 41. Qd6+ Kc8 42. Qxa6+ Bb7 43. Qe6+ Kb8 44.
Qd6+ Rc7 45. e6 Qe4 46. Qf8+ Ka7 47. Qa3+ Kb6 0-1

[Event "Corus 2010 - C"]
[Site "Wijk aan Zee"]
[Date "23.01.2010"]
[Round "7C"]
[White "Kuipers,S"]
[Black "Soumya,Sw"]
[Result "1/2-1/2"]
[WhiteElo "2340"]
[BlackElo "2323"]
[EventDate "2010.01.16"]

1. e4 c6 2. d4 d5 3. Nd2 dxe4 4. Nxe4 Bf5 5. Ng3 Bg6 6. Nf3 Nd7 7. h4 h6 8.
h5 Bh7 9. Bd3 Bxd3 10. Qxd3 e6 11. Bd2 Ngf6 12. O-O-O Be7 13. Kb1 O-O 14.
Ne4 Nxe4 15. Qxe4 Nf6 16. Qh4 Qd5 17. Rde1 c5 18. Re5 Qd8 19. Qh3 cxd4 20.
g4 Rc8 21. g5 hxg5 22. Rxg5 Nd5 23. Rg4 Bf6 24. Nxd4 Qb6 25. Nb3 Qc7 26. c3
b5 27. Rhg1 Kh8 28. Bg5 Be5 29. Qd3 f5 30. Rh4 Qd6 31. Qd2 Rc4 32. Rd1 Rfc8
33. Rxc4 bxc4 34. Nd4 Bf4 35. Bxf4 Nxf4 36. Qe1 Rd8 37. Kc2 Qb6 38. h6 Nd3
39. hxg7+ Kxg7 40. Qg1+ Kf6 41. b3 Rxd4 42. cxd4 Qxd4 43. bxc4 Qxc4+ 44.
Kd2 Qd4 45. Kc2 Qc4+ 46. Kd2 Qd4 47. Kc2 1/2-1/2

[Event "Corus 2010 - C"]
[Site "Wijk aan Zee"]
[Date "23.01.2010"]
[Round "7C"]
[White "Peng Zhaoqin"]
[Black "Muzychuk,M"]
[Result "1/2-1/2"]
[WhiteElo "2402"]
[BlackElo "2447"]
[EventDate "2010.01.16"]

1. d4 Nf6 2. c4 e6 3. Nc3 Bb4 4. Qc2 O-O 5. a3 Bxc3+ 6. Qxc3 b6 7. Bg5 Bb7
8. e3 d6 9. Ne2 Nbd7 10. Rd1 Rc8 11. Qc2 Qe7 12. Nc3 Rfd8 13. e4 a6 14. Be2
c5 15. d5 h6 16. Bh4 Ne5 17. O-O Ng6 18. Bg3 e5 19. Qd2 Nd7 20. Rb1 Rb8 21.
b4 Bc8 22. Rfc1 Qf6 23. Na4 cxb4 24. axb4 Nf4 25. Bf1 g5 26. Qe3 Qe7 27. f3
Kg7 28. Bf2 h5 29. c5 bxc5 30. bxc5 Rxb1 31. Rxb1 dxc5 32. Nxc5 g4 33. Nxa6
gxf3 34. Qxf3 Nf6 35. h3 Nh7 36. Nb4 Qf6 37. Kh1 Ng5 38. Qg3 h4 39. Qe3
Nxe4 40. Bxh4 Qxh4 41. Qxe4 Qf6 42. Re1 Bb7 43. Bc4 Rc8 44. Nd3 Ng6 45. Rb1
Rc7 46. Kg1 Qd6 47. Kh1 Rd7 48. Nb4 Nf4 49. Nc6 f6 50. Rb3 Kf8 51. Kh2 Rg7
52. Rg3 Rxg3 53. Kxg3 Qc5 54. Kh2 Bc8 55. Qh7 Qxc4 56. Qh8+ Kf7 57. Qh7+
Kf8 58. Qh8+ Kf7 59. Qh7+ Kf8 60. Qe7+ Kg8 61. Qxf6 Nxd5 62. Qg6+ Kh8 63.
Qh5+ Kg8 64. Qe8+ Kh7 65. Qf7+ Kh8 66. Ne7 Qf4+ 67. Qxf4 Nxf4 68. Nxc8 e4
69. Nd6 e3 70. Nf7+ Kg7 71. Ne5 e2 72. Nf3 Nd3 1/2-1/2

[Event "Corus 2010 - C"]
[Site "Wijk aan Zee"]
[Date "23.01.2010"]
[Round "7C"]
[White "Bok,B"]
[Black "Swinkels,R"]
[Result "0-1"]
[WhiteElo "2322"]
[BlackElo "2495"]
[EventDate "2010.01.16"]

1. e4 c5 2. Nf3 d6 3. d4 cxd4 4. Nxd4 Nf6 5. Nc3 Nc6 6. Bg5 e6 7. Qd2 a6 8.
O-O-O h6 9. Be3 Qc7 10. f3 Rb8 11. Kb1 b5 12. Nxc6 Qxc6 13. Bd3 Be7 14. h4
h5 15. Bg5 b4 16. Ne2 e5 17. Ng3 g6 18. Nf1 Be6 19. Ne3 Nd7 20. Bxe7 Kxe7
21. Bc4 Nb6 22. Bxe6 fxe6 23. Qe1 Na4 24. Ka1 Rhc8 25. Rd2 Rb5 26. Qg3 Nxb2
27. Qxg6 Qc3 28. Kb1 Qxd2 29. Qg5+ Kd7 30. Kxb2 b3 31. Qg7+ Kc6 32. axb3
Rxb3+ 33. Kxb3 Rb8+ 0-1

[Event "Corus 2010 - C"]
[Site "Wijk aan Zee"]
[Date "23.01.2010"]
[Round "7C"]
[White "Vocaturo,D"]
[Black "Robson,R"]
[Result "1-0"]
[WhiteElo "2495"]
[BlackElo "2570"]
[EventDate "2010.01.16"]

1. e4 e6 2. d4 d5 3. Nc3 Nf6 4. e5 Nfd7 5. f4 c5 6. Nf3 Nc6 7. Be3 Be7 8.
Qd2 O-O 9. Be2 a6 10. O-O b5 11. a3 Bb7 12. Nd1 cxd4 13. Nxd4 Rc8 14. Nf2
Qc7 15. c3 Na5 16. Bd3 Nc4 17. Qe2 Nc5 18. Rae1 g6 19. Bc1 Qb6 20. Bb1 Na4
21. f5 exf5 22. Bxf5 Rce8 23. e6 Nc5 24. Qg4 Nd6 25. Bh6 Nxf5 26. Nxf5 Nxe6
27. Nxe7+ Rxe7 28. Bxf8 Kxf8 29. Qh4 h5 30. Qf6 Ke8 31. Kh1 d4 32. Nd3 dxc3
33. Qxc3 Qd4 34. Rxe6 Bxg2+ 35. Kxg2 Qd5+ 36. Rf3 Qg5+ 37. Kf1 Rxe6 38.
Qc8+ Qd8 39. Qxd8+ Kxd8 40. Rxf7 1-0

[Event "Corus 2010 - C"]
[Site "Wijk aan Zee"]
[Date "23.01.2010"]
[Round "7C"]
[White "Plukkel,S"]
[Black "Gupta,Ab"]
[Result "0-1"]
[WhiteElo "2279"]
[BlackElo "2577"]
[EventDate "2010.01.16"]

1. e4 c5 2. Nf3 d6 3. Nc3 Nf6 4. e5 dxe5 5. Nxe5 a6 6. g3 Qc7 7. d4 e6 8.
Bf4 Bd6 9. Bg2 O-O 10. O-O Nc6 11. Nxc6 Bxf4 12. gxf4 bxc6 13. dxc5 Qxf4
14. Qf3 Qg5 15. b4 Nd5 16. Ne4 Qh6 17. Nd6 Bd7 18. a3 f5 19. Rfe1 Rf6 20.
Qh3 Qd2 21. c4 Nf4 22. Qe3 Qxe3 23. fxe3 Nxg2 24. Kxg2 e5 25. a4 Rg6+ 26.
Kf2 Rh6 27. Kg1 Rf8 28. b5 f4 29. exf4 exf4 30. Ra2 Rg6+ 31. Kf2 f3 32. Rg1
Rh6 33. Rh1 cxb5 34. axb5 axb5 35. cxb5 Bh3 36. Rg1 Be6 37. Ra7 Rxh2+ 38.
Ke3 f2 39. Rf1 Bh3 40. Raa1 Bxf1 41. Rxf1 Rh3+ 42. Ke2 Rh5 43. Rxf2 Re5+
44. Kf1 Rxc5 45. b6 Rc1+ 46. Kg2 Rb1 47. b7 Rxf2+ 48. Kxf2 Kf8 49. Ke3 Ke7
50. Nf5+ Kf6 51. Nd6 Ke6 52. Ne4 Kd7 0-1

[Event "Corus 2010 - C"]
[Site "Wijk aan Zee"]
[Date "23.01.2010"]
[Round "7C"]
[White "Li Chao2"]
[Black "Grandelius,N"]
[Result "0-1"]
[WhiteElo "2604"]
[BlackElo "2515"]
[EventDate "2010.01.16"]

1. c4 Nf6 2. Nc3 e6 3. e4 d5 4. cxd5 exd5 5. e5 Nfd7 6. d4 c5 7. Nf3 Nc6 8.
dxc5 Nxc5 9. Bg5 Qa5 10. Be2 Ne4 11. O-O Nxg5 12. Nxg5 Be7 13. Nxf7 Kxf7
14. Nxd5 Nxe5 15. Re1 Bd6 16. f4 Nc6 17. Rc1 Re8 18. a3 Bf5 19. b4 Qxa3 20.
b5 Na5 21. Nc7 Qe3+ 22. Kh1 Qxf4 23. g3 Be4+ 24. Kg1 Bc5+ 25. Rxc5 Qe3+ 26.
Kf1 Qxc5 27. Nxa8 Rf8 28. Bf3 Bxf3 0-1

[Event "Corus 2010 - C"]
[Site "Wijk aan Zee"]
[Date "23.01.2010"]
[Round "7C"]
[White "Van Kampen,R"]
[Black "Lie,K"]
[Result "1/2-1/2"]
[WhiteElo "2456"]
[BlackElo "2547"]
[EventDate "2010.01.16"]

1. e4 c5 2. Nf3 g6 3. d4 cxd4 4. Qxd4 Nf6 5. e5 Nc6 6. Qa4 Nd5 7. Qe4 Nb6
8. Nc3 d5 9. exd6 Bf5 10. Qe2 Qxd6 11. Nb5 Qb8 12. Nbd4 Bg7 13. Nxf5 gxf5
14. g3 Qd6 15. Bh3 O-O-O 16. Bxf5+ e6 17. Be4 h5 18. O-O h4 19. Bf4 Qc5 20.
Rad1 hxg3 21. Bxg3 Bxb2 22. Bxc6 Qxc6 23. Ne5 Bxe5 24. Qxe5 Nd5 25. Qb8+
Kd7 26. Qxa7 Ra8 27. Qd4 b5 28. a4 b4 29. Qxb4 Rxa4 30. Qb2 Rg8 31. Rd4
Rxd4 32. Qxd4 Qxc2 33. Ra1 f5 34. Ra7+ Kc6 35. Ra6+ Kb5 36. Ra1 f4 37. Qa7
fxg3 38. Qa6+ Kc5 39. hxg3 Qc3 40. Ra5+ Kd4 41. Ra4+ Ke5 42. Re4+ Kxe4 43.
Qxe6+ Qe5 44. Qxg8 Kf3 45. Qf8+ Ke2 46. Qa3 Qd4 47. Qa2+ Kf3 48. Qc2 Nc3
49. Qf5+ Ke2 50. Qc2+ Ke1 51. Qc1+ Nd1 52. Qf4 Qd5 53. Qb4+ Ke2 54. Qg4+
Kd2 55. Qf4+ Kd3 56. g4 Nc3 57. Qf5+ Qxf5 1/2-1/2

[Event "Corus 2010 - C"]
[Site "Wijk aan Zee"]
[Date "24.01.2010"]
[Round "8C"]
[White "Soumya,Sw"]
[Black "Lie,K"]
[Result "1/2-1/2"]
[WhiteElo "2323"]
[BlackElo "2547"]
[EventDate "2010.01.16"]

1. e4 c5 2. Nf3 Nc6 3. d4 cxd4 4. Nxd4 g6 5. Nc3 Bg7 6. Be3 Nf6 7. Bc4 O-O
8. Bb3 a5 9. O-O a4 10. Nxa4 Nxe4 11. Nb5 d5 12. Bb6 Qd7 13. f3 Ne5 14. Nc7
Rxa4 15. fxe4 Qd6 16. Nxd5 Ng4 17. Nf6+ Bxf6 18. Qxd6 exd6 19. Bxa4 Bxb2
20. Rad1 Be5 21. h3 Nf6 22. Rfe1 Be6 23. Bb3 Rc8 24. Bd4 Bxb3 25. cxb3 Rc2
26. Bxe5 dxe5 27. Re3 Rxa2 28. g4 Kg7 29. Rd6 h5 30. g5 Ra1+ 31. Kf2 Ra2+
32. Kf3 Nh7 33. h4 Nf8 34. Re2 Ra3 35. Rb2 b5 36. Rd5 Ne6 37. Rxe5 Nd4+ 38.
Ke3 Nxb3 39. Rxb5 Nc5+ 40. Kd4 Ne6+ 41. Ke5 Rh3 42. Rb6 Nc5 43. Kd4 Ne6+
44. Rxe6 fxe6 45. Ke5 Rxh4 46. Rb7+ Kf8 47. Kf6 Rf4+ 48. Kxg6 h4 49. e5 h3
50. Rb8+ Ke7 51. Rb7+ Kf8 52. Rb8+ Ke7 53. Rh8 Rf3 54. Rh4 Kf8 55. Kh6 Kg8
56. Kg6 Kf8 57. Rh8+ Ke7 1/2-1/2

[Event "Corus 2010 - C"]
[Site "Wijk aan Zee"]
[Date "24.01.2010"]
[Round "8C"]
[White "Grandelius,N"]
[Black "Van Kampen,R"]
[Result "1-0"]
[WhiteElo "2515"]
[BlackElo "2456"]
[EventDate "2010.01.16"]

1. e4 c5 2. Nf3 d6 3. d4 cxd4 4. Nxd4 Nf6 5. Nc3 a6 6. Bc4 e6 7. Be3 b5 8.
Bb3 Be7 9. f4 b4 10. Na4 O-O 11. O-O Bb7 12. Nxe6 fxe6 13. Bxe6+ Kh8 14. e5
Nfd7 15. exd6 Bf6 16. a3 Re8 17. f5 Be5 18. Bf4 Qa5 19. axb4 Qxb4 20. c3
Qe4 21. Qd2 Qc6 22. b3 Rd8 23. Rae1 Bxf4 24. Rxf4 Nf8 25. Rd4 Nbd7 26. Bd5
Qb5 27. Bxb7 Qxb7 28. Re7 Qxb3 29. Qg5 Qg8 30. Rg4 g6 31. Qd2 Nf6 32. Qd4
N8d7 33. Nb6 Qa2 1-0

[Event "Corus 2010 - C"]
[Site "Wijk aan Zee"]
[Date "24.01.2010"]
[Round "8C"]
[White "Gupta,Ab"]
[Black "Li Chao2"]
[Result "1/2-1/2"]
[WhiteElo "2577"]
[BlackElo "2604"]
[EventDate "2010.01.16"]

1. d4 Nf6 2. c4 g6 3. Nc3 d5 4. cxd5 Nxd5 5. Bd2 Bg7 6. e4 Nxc3 7. Bxc3 c5
8. d5 Bxc3+ 9. bxc3 O-O 10. Qd2 Qd6 11. Nf3 Bg4 12. Ng1 Bc8 13. Bc4 Nd7 14.
f4 Nb6 15. Bb3 c4 16. Bc2 f5 17. Ne2 fxe4 18. Bxe4 Bf5 19. Bf3 Rad8 20. O-O
Nxd5 21. Bxd5+ Qxd5 22. Nd4 Be4 23. Rae1 e5 24. fxe5 Rxf1+ 25. Rxf1 Qxe5
26. Re1 Qd5 27. Qf4 Bd3 28. h4 Rf8 29. Qg3 Qf7 30. Ne6 Re8 31. Ng5 Rxe1+
32. Qxe1 Qd7 33. Qe5 h6 34. Qb8+ Kg7 35. Nf3 a6 36. Qe5+ Kg8 37. a4 Kf7 38.
a5 Qe7 39. Qd4 Qe4 40. Qd7+ Kf6 41. Qd6+ Kg7 42. Qg3 Qe3+ 43. Kh2 Qc5 44.
Nd4 Qe7 45. Nf3 Qc5 46. Qb8 Be4 47. Nd4 Qe7 48. Qg3 g5 49. Qg4 Kf6 50.
hxg5+ hxg5 51. Qc8 Qf7 52. Kg1 Kg6 53. Qh8 Qd5 54. Qe8+ Kf6 55. Qf8+ Ke5
56. Qe7+ Kf4 57. Kf2 Kg4 58. Qc7 Kh5 59. Kg1 Kg6 60. Qb6+ Kf7 61. Qc7+ Kf6
62. Qb6+ Kg7 63. Qc7+ Kh6 64. Qh2+ Kg6 65. g4 Bd3 66. Qh8 Kf7 67. Qc8 Qe4
68. Qd7+ Qe7 69. Qd5+ Kf6 70. Kf2 Be4 71. Qxc4 Qe5 72. Ne2 Bc6 73. Qb4 Kf7
74. Qc4+ Ke7 75. Qb4+ Kd7 76. Qd4+ Ke6 77. Qc4+ Kd6 78. Qb4+ Kc7 79. Nd4
Qf4+ 80. Ke1 Bd7 81. Qc5+ Kb8 82. Nf5 Qc7 83. Qd4 Bc8 84. Nd6 Qxa5 85. Qh8
Qc5 86. Nxc8 Qxc8 87. Qe5+ Qc7 88. Qxg5 Qxc3+ 89. Ke2 Qc2+ 90. Kf3 Qd1+ 91.
Kg2 Qe2+ 92. Kg3 Qe1+ 93. Kf3 Qf1+ 94. Kg3 Qd3+ 95. Kh4 Qd4 96. Kg3 Qc3+
97. Kh4 a5 98. Qd8+ Ka7 99. g5 a4 100. g6 a3 101. g7 1/2-1/2

[Event "Corus 2010 - C"]
[Site "Wijk aan Zee"]
[Date "24.01.2010"]
[Round "8C"]
[White "Robson,R"]
[Black "Plukkel,S"]
[Result "1/2-1/2"]
[WhiteElo "2570"]
[BlackElo "2279"]
[EventDate "2010.01.16"]

1. e4 c5 2. Nf3 d6 3. d4 cxd4 4. Nxd4 Nf6 5. Nc3 Nc6 6. Bg5 e6 7. Qd2 Be7
8. O-O-O O-O 9. f4 h6 10. h4 Nxd4 11. Qxd4 Qa5 12. Kb1 e5 13. Qd2 Nxe4 14.
Nxe4 Qxd2 15. Rxd2 hxg5 16. hxg5 exf4 17. Rf2 Be6 18. Rxf4 f5 19. gxf6 Bxf6
20. Nxf6+ Rxf6 21. Rxf6 gxf6 22. Bd3 Re8 23. b3 Bd5 24. Rh6 Kf7 25. Rh7+
Kg8 26. g4 Bf7 27. Rh3 Kg7 28. Bf5 Re5 29. Rc3 Rc5 30. Rf3 Bg6 31. Bxg6
Kxg6 32. Rd3 Rg5 33. Rd4 d5 34. Ra4 a6 35. Rb4 b5 36. a4 Re5 37. axb5 axb5
38. Rxb5 Kg5 39. Rb6 d4 40. b4 Re4 41. Kc1 Rxg4 42. Kd2 Kf5 43. Kd3 Ke5 44.
Rb5+ Kd6 45. Rc5 Rf4 46. Rc8 Kd5 47. Rd8+ Ke5 48. b5 Rf3+ 49. Kd2 Rg3 50.
b6 Rg7 51. Kd3 Rb7 52. Re8+ Kd5 53. Rd8+ Kc5 54. Ke4 Rxb6 55. Rd5+ Kc4 56.
Rxd4+ Kc3 57. Rd8 Kxc2 58. Kf5 Rb5+ 1/2-1/2

[Event "Corus 2010 - C"]
[Site "Wijk aan Zee"]
[Date "24.01.2010"]
[Round "8C"]
[White "Swinkels,R"]
[Black "Vocaturo,D"]
[Result "1/2-1/2"]
[WhiteElo "2495"]
[BlackElo "2495"]
[EventDate "2010.01.16"]

1. Nf3 Nf6 2. g3 g6 3. Bg2 Bg7 4. d4 O-O 5. O-O d6 6. a4 Nbd7 7. a5 c6 8.
Nc3 Qc7 9. e4 e5 10. h3 Rb8 11. Be3 b5 12. axb6 axb6 13. d5 b5 14. dxc6
Qxc6 15. Nd2 Nb6 16. Nb3 Nc4 17. Na5 Qc7 18. Nxc4 bxc4 19. Ra7 Qc6 20. Qa1
Be6 21. Qa3 Rfc8 22. Nd5 Nxd5 23. exd5 Bxd5 24. Ra6 Qb7 25. Ra7 Qc6 26. Ra6
Qb7 27. Ra7 Qc6 1/2-1/2

[Event "Corus 2010 - C"]
[Site "Wijk aan Zee"]
[Date "24.01.2010"]
[Round "8C"]
[White "Muzychuk,M"]
[Black "Bok,B"]
[Result "1/2-1/2"]
[WhiteElo "2447"]
[BlackElo "2322"]
[EventDate "2010.01.16"]

1. d4 Nf6 2. c4 g6 3. Nc3 d5 4. cxd5 Nxd5 5. Bd2 Nb6 6. Bf4 Bg7 7. e3 c5 8.
dxc5 Bxc3+ 9. bxc3 Qxd1+ 10. Rxd1 N6d7 11. Bb5 a6 12. Ba4 Nc6 13. Bc7 O-O
14. Bb6 Nce5 15. Nf3 Nxb6 16. cxb6 Nc4 17. Rb1 Bf5 18. Rb4 Rfc8 19. Bb3 Nd6
20. Ne5 Rxc3 21. O-O Kg7 22. g4 Bc2 23. Rc1 Rac8 24. Bxc2 Rxc2 25. Rxc2
Rxc2 26. a4 f6 27. Nd3 e5 28. f4 e4 29. Nf2 f5 30. Rd4 Rc6 31. a5 Kf6 32.
gxf5 gxf5 33. Kf1 Ke6 34. Nh3 h6 35. Ng1 Rc1+ 36. Kf2 Rc2+ 37. Ke1 Rxh2 38.
Ne2 Rh3 39. Kd2 h5 40. Nc3 Rh2+ 41. Ke1 Rc2 42. Nd5 Nb5 43. Rd1 h4 44. Kf1
h3 45. Kg1 Rc5 46. Nb4 Rc3 47. Nxa6 Rc2 48. Rd8 Nc3 49. Nc7+ Kf6 50. Nd5+
Nxd5 51. Rd6+ Ke7 52. Rxd5 Ke6 53. Re5+ Kf6 54. Re8 Rb2 55. Rb8 Rb5 56.
Rxb7 Rxa5 57. Rb8 Rb5 58. Kh2 Rb3 59. b7 Kg7 60. Kxh3 Rxe3+ 61. Kh4 Rb3 62.
Kg5 Rb5 63. Re8 Rxb7 64. Kxf5 Kf7 65. Rxe4 Rb5+ 66. Kg4 Kf6 67. Ra4 Rb6 68.
Ra5 Kg6 69. Rg5+ Kf6 70. Rh5 Kg6 71. f5+ Kf7 72. Rh7+ Kf8 73. Rc7 Ra6 74.
Kg5 Rb6 75. Rc8+ Kf7 76. Ra8 Rc6 77. Ra7+ Kf8 78. f6 Rc1 1/2-1/2